[Event "IND-ch U13"]
[Site "Gujarath"]
[Date "2016.07.23"]
[Round "2"]
[White "Mhatre, Rahat Rahul"]
[Black "Sreeshwan, Maralakshikari"]
[Result "0-1"]
[WhiteElo "1572"]
[BlackElo "2043"]
[PlyCount "90"]
[EventDate "2016.07.22"]
[EventType "swiss"]
[EventRounds "11"]
[EventCountry "IND"]
[SourceTitle "EXT 2017"]
[Source "ChessBase"]
[SourceDate "2016.10.25"]
[SourceVersion "1"]
[SourceVersionDate "2016.10.25"]
[SourceQuality "1"]

1. d4 Nf6 2. Nf3 c5 3. d5 d6 4. Nc3 g6 5. e4 Bg7 6. Bd3 0-0 7. 0-0 Bg4 8. h3 Bxf3 9. Qxf3 Nfd7 10. Qg3 Na6 11. Bd2 Nb4 12. a3 Nxd3 13. Qxd3 Qb6 14. Na4 Qc7 15. Nc3 a6 16. b3 c4 17. Qe3 cxb3 18. cxb3 Rac8 19. Rac1 Qc5 20. Nb1 Qxe3 21. Bxe3 Bb2 22. Rxc8 Rxc8 23. a4 Nc5 24. Bxc5 Rxc5 25. Rd1 Rc2 26. Kf1 Be5 27. Na3 Rc3 28. Rb1 Bd4 29. f3 Bc5 30. Nc4 b5 31. axb5 axb5 32. Nd2 Rc2 33. Ke2 Bb4 34. Rd1 Rb2 35. Kd3 g5 36. Ke3 Kg7 37. g3 Kf6 38. f4 Bxd2+ 39. Rxd2 Rxb3+ 40. Rd3 gxf4+ 41. gxf4 Rxd3+ 42. Kxd3 e5 43. f5 Kg5 44. Kc3 Kf4 45. Kb4 Kxe4 0-1

[Event "Mumbai Wealth op U13"]
[Site "Mumbai"]
[Date "2016.02.01"]
[Round "5"]
[White "Mhatre, Rahat Rahul"]
[Black "Yutesh, P."]
[Result "1-0"]
[WhiteElo "1457"]
[BlackElo "1788"]
[PlyCount "71"]
[EventDate "2016.01.28"]
[EventType "swiss"]
[EventRounds "9"]
[EventCountry "IND"]
[SourceTitle "CBM 170 Extra"]
[Source "ChessBase"]
[SourceDate "2016.02.25"]
[SourceVersion "1"]
[SourceVersionDate "2016.02.25"]
[SourceQuality "1"]

1. d4 Nf6 2. Nf3 e6 3. e3 d5 4. Bd3 c5 5. b3 cxd4 6. exd4 Nc6 7. Bb2 Bd6 8. 0-0 Qc7 9. a3 0-0 10. Re1 Re8 11. Ne5 a5 12. Nd2 Ne7 13. Ndf3 Ng6 14. Qd2 b6 15. Bb5 Rf8 16. Qe2 Ne4 17. c4 Bxe5 18. Nxe5 Nxe5 19. dxe5 Bb7 20. Rac1 Qe7 21. cxd5 Bxd5 22. Bc6 Rac8 23. Bxd5 exd5 24. Qb5 Qe6 25. Bd4 Rb8 26. Rc6 Qd7 27. a4 Nc5 28. Rxc5 bxc5 29. Qxd7 cxd4 30. Qxd5 Rfd8 31. Qxa5 d3 32. Rd1 Rbc8 33. Kf1 Rd4 34. f3 g6 35. Qb6 Rd5 36. e6 1-0

[Event "Mumbai Wealth op U13"]
[Site "Mumbai"]
[Date "2016.01.31"]
[Round "4"]
[White "Mhatre, Rahat Rahul"]
[Black "Vrandesh, Parekh"]
[Result "1/2-1/2"]
[WhiteElo "1457"]
[BlackElo "1605"]
[PlyCount "80"]
[EventDate "2016.01.28"]
[EventType "swiss"]
[EventRounds "9"]
[EventCountry "IND"]
[SourceTitle "CBM 170 Extra"]
[Source "ChessBase"]
[SourceDate "2016.02.25"]
[SourceVersion "1"]
[SourceVersionDate "2016.02.25"]
[SourceQuality "1"]

1. d4 Nf6 2. Nf3 g6 3. e3 Bg7 4. Bd3 d5 5. b3 c5 6. Bb2 cxd4 7. exd4 0-0 8. 0-0 Nc6 9. a3 Nh5 10. Ne5 Nf4 11. Nxc6 bxc6 12. Re1 Nxd3 13. Qxd3 c5 14. Qe3 Re8 15. c3 cxd4 16. cxd4 Qb6 17. Nd2 Be6 18. Rac1 Rac8 19. Nf3 h6 20. h3 Rb8 21. Rc3 Rec8 22. Rec1 Qb7 23. Rxc8+ Rxc8 24. Rxc8+ Qxc8 25. Qc3 Qxc3 26. Bxc3 Bf5 27. Ne5 Bxe5 28. dxe5 Bc2 29. b4 a6 30. Kf1 Kf8 31. Ke2 Ke8 32. Kd2 Ba4 33. Bd4 Kd7 34. g3 Bb5 35. h4 h5 36. Bb2 Ba4 37. Bd4 Bb5 38. Bb2 Ba4 39. Bd4 Bb5 40. Bb2 Ba4 1/2-1/2

[Event "Mumbai Wealth op U13"]
[Site "Mumbai"]
[Date "2016.01.30"]
[Round "3"]
[White "Dev, Shah"]
[Black "Mhatre, Rahat Rahul"]
[Result "1/2-1/2"]
[WhiteElo "1726"]
[BlackElo "1457"]
[PlyCount "106"]
[EventDate "2016.01.28"]
[EventType "swiss"]
[EventRounds "9"]
[EventCountry "IND"]
[SourceTitle "CBM 170 Extra"]
[Source "ChessBase"]
[SourceDate "2016.02.25"]
[SourceVersion "1"]
[SourceVersionDate "2016.02.25"]
[SourceQuality "1"]

1. Nf3 Nf6 2. d4 e6 3. Bf4 d5 4. e3 Bd6 5. Ne5 c5 6. c3 Qc7 7. Nd2 Nc6 8. Ndf3 h6 9. Bd3 0-0 10. 0-0 Nh5 11. Nxc6 Nxf4 12. Nce5 Nxd3 13. Nxd3 Bd7 14. a4 a5 15. Nfe5 c4 16. Nxd7 Qxd7 17. Nc1 Qc7 18. Ne2 Bxh2+ 19. Kh1 Bd6 20. f4 Qe7 21. Rf3 Rfd8 22. Qe1 Qf6 23. Qf2 Be7 24. Rh3 Bf8 25. Rg1 g6 26. g4 g5 27. Qh2 Bg7 28. Rf1 Qe7 29. Ng3 f6 30. Nh5 Bh8 31. Ng3 Bg7 32. Kg2 Qf7 33. Nh5 Qg6 34. f5 exf5 35. Rxf5 Kh7 36. Rhf3 Ra6 37. Qc7 Rdd6 38. Rf2 Rab6 39. Qc5 Ra6 40. Qa3 Qe8 41. R5f3 Rac6 42. Ng3 Re6 43. Nf5 Re4 44. Rg3 Bf8 45. Qa1 Bd6 46. Qh1 Qg6 47. Rh3 Bf8 48. Rg3 Bd6 49. Rh3 Bf8 50. Rg3 Bd6 51. Nxd6 Rxd6 52. Rh3 Rc6 53. Kf3 Rxg4 1/2-1/2